| 000 | 00349pab a2200145 454500 | ||
|---|---|---|---|
| 008 | 180718b2015 xxu||||| |||| 00| 0 eng d | ||
| 245 | _aPradhan Mantri Kaushal Vikas Yojana | ||
| 260 | _c2015 | ||
| 300 | _ap.13. | ||
| 362 | _aJun | ||
| 650 | _aKaushal Vikas Yojana | ||
| 650 | _aSkills development | ||
| 773 | _aKurukshetra | ||
| 909 | _a108572 | ||
| 999 |
_c108567 _d108567 |
||